| 000 | 00571nam a2200193Ia 4500 | ||
|---|---|---|---|
| 003 | GCL | ||
| 008 | 140319s9999 xx 000 0 ara d | ||
| 040 |
_aGCL / _cGCL |
||
| 082 | 0 | 4 |
_aط _b448 _bى ق |
| 100 | 1 | _aيعقوب الشارونى | |
| 245 | 1 | 0 |
_aقاموس حديقة الحيوان عربى - فرنسى / _cيعقوب الشارونى |
| 260 |
_a[S.N] : _bمكتبة لبنان |
||
| 490 | _a | ||
| 650 | 0 | 4 | _aالاطفال |
| 650 | 0 | 4 | _aاللغة الفرنسية |
| 650 | 0 | 4 | _aاللغة العربية |
| 650 | 0 | 4 | _aالمعاجم |
| 942 |
_2ddc _cBK |
||
| 999 |
_c33255 _d33255 |
||